000 00798nam a2200265 a 4500
001 000021447
003 DO-SdBNP
005 20240530073919.0
007 ta
008 100908s2003 dr 000 f spa d
020 _z9993420123
040 _aDO-SdBNP
_bspa
_cBNPHU
049 _aBNPD
082 4 _aRD863.44
_bL789p, 2003
_222
100 1 _aLizardo Lasocé, Luis Francisco,
_d1942-
_944742
245 1 0 _aPalma Sola :
_bla tragedia de un pueblo /
_cLuis Francisco Lizardo Lasocé.
250 _a6a ed.
260 _aSanto Domingo :
_bManatí,
_c2003.
300 _a96 p. ;
_c21 cm.
500 _aIncluye nota al pie de página
500 _aIncluye datos biográficos en la contracubierta
650 0 _aNovela dominicana
_9223
650 0 _aLiteratura dominicana.
_967
942 _2ddc
_cLBS1
999 _c20947
_d20947